| 000 | 00652nam a2200217 i 4500 | ||
|---|---|---|---|
| 001 | 11351 | ||
| 003 | ES-MaACL | ||
| 005 | 20250924063024.0 | ||
| 007 | t| | ||
| 008 | 960423s1995 sp ||||1| spa d | ||
| 020 | _a84-7506-454-X | ||
| 080 | _a929 Bergamín, José | ||
| 080 | _a860 Bergamín, José 1.06 | ||
| 100 | 1 |
_aGonzález Casanova, J. A., _d1935- _9144814 |
|
| 245 | 1 | 0 |
_aBergamín a vista de pajáro / _cJ.A. González Casanova. |
| 260 |
_aMadrid : _bTurner, _cD.L. 1995. |
||
| 300 |
_a217 p. ; _c23 cm. |
||
| 600 | 1 | 4 |
_aBergamín, José, _d1895-1983 _927925 |
| 852 |
_aES-MaACL _jL-18625 _bR.124858 |
||
| 999 |
_c11351 _d11351 |
||